The new managerial grid : (Record no. 9123)

MARC details
000 -LEADER
fixed length control field 00932nac a22002171u 4500
010 ## - LIBRARY OF CONGRESS CONTROL NUMBER
LC control number 77084465
020 ## - INTERNATIONAL STANDARD BOOK NUMBER
International Standard Book Number 0872014738
082 00 - DEWEY DECIMAL CLASSIFICATION NUMBER
Classification number 658.4
Item number BLA
090 ## - LOCALLY ASSIGNED LC-TYPE CALL NUMBER (OCLC); LOCAL CALL NUMBER (OCLC)
-- 9123
-- 9123
100 ## - MAIN ENTRY--PERSONAL NAME
Personal name Blake, Robert Rogers,
245 14 - TITLE STATEMENT
Title The new managerial grid :
Remainder of title strategic new insights into a proven system for increasing organization productivity and individual effectiveness, plus a revealing examination of how your managerial style can affect your mental and physical health /
Statement of responsibility, etc Robert R. Blake, Jane Srygley Mouton.
260 ## - PUBLICATION, DISTRIBUTION, ETC. (IMPRINT)
Place of publication, distribution, etc Houston :
Name of publisher, distributor, etc Gulf Pub. Co., Book Division,1978
Date of publication, distribution, etc 1978.
300 ## - PHYSICAL DESCRIPTION
Extent ix, 329 p. ;
Dimensions 24 cm.
500 ## - GENERAL NOTE
General note Edition of 1964 published under title: The managerial grid.
500 ## - GENERAL NOTE
General note Includes indexes.
504 ## - BIBLIOGRAPHY, ETC. NOTE
Bibliography, etc Bibliography: p. 233-311.
650 #0 - SUBJECT ADDED ENTRY--TOPICAL TERM
Topical term or geographic name as entry element Management.
650 #0 - SUBJECT ADDED ENTRY--TOPICAL TERM
Topical term or geographic name as entry element Industrial management.
700 1# - ADDED ENTRY--PERSONAL NAME
Personal name Mouton, Jane Srygley,
942 ## - ADDED ENTRY ELEMENTS (KOHA)
Item type Book - Borrowing
Call number prefix 658.4BLA
Holdings
Withdrawn status Item status Damaged status Not for loan Home library Current library Shelving location Date acquired Source of acquisition Total Checkouts Full call number Barcode Date last seen Koha item type
        Central Library Central Library First floor 08/04/2015 Purchase   658.4BLA 000011047 15/07/2025 Book - Borrowing